Beauty and the Beast Characters - Statistics

General Stats
  • This quiz has been taken 8 times
  • The average score is 7 of 9
Answer Stats
Picture Answer % Correct
Beast
100%
Belle
100%
Gaston
100%
Mrs. Potts
100%
Chip
86%
Lumiere
71%
Cogsworth
57%
Maurice
43%
LeFou
29%
No matching quizzes found
Score Distribution
Percent of People with Each Score
Percentile by Number Answered
Your Score History
You have not taken this quiz